ბათუმის შოთა რუსთაველის სახელმწიფო უნივერსიტეტის ბიბლიოთეკა

Yeni HITIT Yabancilar icin Turkce 2B1(ქსეროქსი) (ბიბ.ჩანაწერი № 54570)

000 -LEADER
fixed length control field 00586nam a2200205Ia 4500
001 - CONTROL NUMBER
control field 21636
003 - CONTROL NUMBER IDENTIFIER
control field GE_BSU
008 - FIXED-LENGTH DATA ELEMENTS--GENERAL INFORMATION
fixed length control field 181216s||||||||xx |||||||||||||| ||und||
040 ## - CATALOGING SOURCE
Transcribing agency GE_BSU
080 ## - UNIVERSAL DECIMAL CLASSIFICATION NUMBER
Universal Decimal Classification number 811.512.161
245 ## - TITLE STATEMENT
Title Yeni HITIT Yabancilar icin Turkce 2B1(ქსეროქსი)
245 ## - TITLE STATEMENT
Remainder of title dinleme metinleri
260 ## - PUBLICATION, DISTRIBUTION, ETC.
Name of publisher, distributor, etc. Tomer
260 ## - PUBLICATION, DISTRIBUTION, ETC.
Date of publication, distribution, etc. 1984
653 ## - INDEX TERM--UNCONTROLLED
Uncontrolled term Yabancilar için Türkçe:dinleme metinleri
653 ## - INDEX TERM--UNCONTROLLED
Uncontrolled term Yeni HITIT Yabancilar icin Turkce 2B1(ქსეროქსი)
653 ## - INDEX TERM--UNCONTROLLED
Uncontrolled term თურქული ენა
942 ## - ADDED ENTRY ELEMENTS (KOHA)
Koha item type წიგნი
ეგზემპლარები
Withdrawn status Lost status Damaged status Not for loan Date acquired Barcode Date last seen Price effective from Koha item type
        2018-12-17 00489ქსეროქსი 2018-12-17 2018-12-17 წიგნი